The HVAC handbook /

Bibliographic Details
Other Authors: Rosaler, Robert C.
Format: Book
Language:English
Published: New York : McGraw-Hill, [2004]
Subjects:
Online Access:Table of contents

MARC

Tag First Indicator Second Indicator Subfields
LEADER 00000pam a22000004a 4500
001 in00002000752
005 20151031123659.0
008 040325s2004 nyua f 001 0 eng
010 |a  2004040272 
020 |a 0071402020 
035 |a (OCoLC)ocm54857920 
040 |a DLC  |c DLC  |d TXA  |d UtOrBLW 
042 |a pcc 
049 |a TXAM 
050 0 0 |a TH7011  |b .H8 2004 
082 0 0 |a 697  |2 22 
245 0 4 |a The HVAC handbook /  |c Robert C. Rosaler, editor-in-chief. 
264 1 |a New York :  |b McGraw-Hill,  |c [2004] 
264 4 |c ©2004 
300 |a 1 volume (various pagings) :  |b illustrations ;  |c 24 cm. 
336 |a text  |b txt  |2 rdacontent 
337 |a unmediated  |b n  |2 rdamedia 
338 |a volume  |b nc  |2 rdacarrier 
500 |a Includes index. 
650 0 |a Heating  |v Handbooks, manuals, etc. 
650 0 |a Air conditioning  |v Handbooks, manuals, etc. 
650 0 |a Ventilation  |v Handbooks, manuals, etc. 
700 1 |a Rosaler, Robert C. 
856 4 1 |3 Table of contents  |u http://www.loc.gov/catdir/toc/mh041/2004040272.html  |t 0 
948 |a cataloged  |b h  |c 2004/10/18  |d c  |e blrosas  |f 11:07:28 am 
994 |a C0  |b TXA 
999 |a MARS 
999 f f |s 3622ddc4-97bd-39f7-806c-ba529bb54b4a  |i cd39e070-8c36-36a0-aee1-1ece4531a110  |t 0 
952 f f |p normal  |a Texas A&M University  |b College Station  |c Sterling C. Evans Library  |d Evans: Library Stacks  |t 0  |e TH7011 .H8 2004  |h Library of Congress classification  |i unmediated -- volume  |m A14831382555 
998 f f |a TH7011 .H8 2004  |t 0  |l Evans: Library Stacks